Estrés y ansiedad

Gespeichert in:
Bibliographische Detailangaben
1. Verfasser: Barrero Fernández, Antonio (VerfasserIn)
Format: Buch
Sprache:Spanisch
Veröffentlicht: Madrid Libro-Hobby-Club 2000
Ausgabe:1a. ed
Schriftenreihe:Colección Obras de Psicología
Schlagworte:
Tags: Tag hinzufügen
Keine Tags, Fügen Sie den ersten Tag hinzu!

MARC

LEADER 00000nam a2200000 a 4500
001 UCL7477
003 CL-VaPUC
008 040520e20000000SP |||||||||||||||||spa|d
020 |a 8495598175 
082 0 4 |a 155.9042  |b BAR  |2 21 
100 0 |a Barrero Fernández, Antonio  |e author  |9 485313 
245 1 0 |a Estrés y ansiedad 
250 |a 1a. ed 
300 |a 317 p 
942 |c BK 
945 |d 20040520 00:00:00  |a cmena 
260 |a Madrid  |b Libro-Hobby-Club  |c 2000 
650 7 |a ESTRES  |2 CL-VaPUC  |9 338725 
650 0 |a Psicología   |9 257863 
650 0 |a Salud mental  |9 308393 
583 |a last modification  |c 20190729 11:46:11  |k Rodrigo Vera 
490 0 |a Colección Obras de Psicología 
999 |c 309195  |d 309193 
952 |0 0  |1 0  |4 0  |6 155_904200000000000_BAR_2000  |7 0  |8 A  |9 376554  |a BIBEDU  |b BIBEDU  |d 2019-11-21  |i 4016548  |o 155.9042 BAR 2000  |p 4016548  |r 2019-11-21  |w 2019-11-21  |y BK  |k BME